| 000 | 00986cam a2200337 a 4500 | ||
|---|---|---|---|
| 001 | 22807 | ||
| 003 | SK-KTurca | ||
| 005 | 20260428143549.0 | ||
| 008 | 160610s2015 xo g 000 f slo | ||
| 015 | _aSNBA2015/09 | ||
| 020 |
_a9788055143477 _q(brož.) |
||
| 035 | _a23672F1F-02B0-40A6-80C7-DB46E068E997 | ||
| 035 | _aurn:nbn:sk:snk-aml4ho | ||
| 035 | _aurn:nbn:sk:snk-am008wnk | ||
| 040 |
_aTTKJF _bslo _cTTKJF _dSNK _eAACR2 |
||
| 041 | 1 |
_aslo _heng |
|
| 044 |
_axo _cSK |
||
| 072 | 7 |
_a821.111(73)-3 _xAmerická próza _2konspekt |
|
| 080 |
_a821.111(73)-31 _22001 |
||
| 100 | 1 |
_aForman, Gayle, _d1970- _4aut |
|
| 240 | 1 | 0 |
_aWhere she went _lSlovensky |
| 245 | 1 | 0 |
_aKam zmizla _cGayle Formanová ; preložila Diana Ghaniová |
| 260 |
_aBratislava _bIkar _c2015 |
||
| 300 |
_a230 s. _c20 cm |
||
| 490 | 1 | _aYoli | |
| 655 | 7 |
_aamerické romány _2SNKPH |
|
| 655 | 7 |
_aAmerican fiction _2SNKPHeng |
|
| 700 | 1 |
_aGhaniová, Diana _4trl |
|
| 830 | 0 | _aYoli | |
| 942 |
_2ddc _cKLDO _n0 |
||
| 999 |
_c22807 _d22807 |
||